000 00791nam a22002172 b4500
999 _c2725
_d2725
003 ALUPE UNIVERSITY
005 20210719072610.0
008 040409e20030101nyua s|||||||| 2|eng|d
020 _a9789241546072
020 _a9241546077 (Trade Paper)
040 _cALUPE UNIVERSITY
050 _aRA 410
_b.W97 2003
110 2 _aWorld Health Organization Staff
245 1 0 _aGuide to Producing National Health Accounts
_bWith Special Applications for Low-Income and Middle-Income Countries.
260 _aGeneva :
_bWorld Health Organization
_cJan. 2003
_aHerndon :
_b2003
300 _a327 p.
_bill
_c09.500 x 06.500 in.
440 0 _aNonserial Publication.
506 _aAccess restricted to users at subscribing institutions.
710 2 _aEBSCO Publishing (Firm)
942 _2lcc
_cBK
_nPW